Harry Potter hahmojen suojeliukset - Statistics

Yleistilastot
  • Tätä visaa on pelattu 111 kertaa
  • Keskiarvotulos 8 / 14
Vastaustilastot
Hint Vastaus % Oikein
Hermione Granger Saukko
87%
Harry ja James Potter Uroshirvi
86%
Albus Dumbledore Feeniks
81%
Lily Potter ja Severus Kalkaros Naarashirvi
79%
Ginny Weasley Hevonen
74%
Minerva McGarmiwa ja Dolores Pimento Kissa
74%
Luna Lovekiva Jänis
66%
Aberforth Dumbledore Vuohi
47%
Nymfadora Tonks Susi
44%
Kingsley Kahlesalpa Ilves
40%
Cho Chang Joutsen
39%
Seamus Finnigan Kettu
37%
Ron Weasley Jackrusselinterrieri
20%
Ernie Macmillan Villisika
14%
Ehtoja vastaavia visoja ei löytynyt
Tulosjakauma
Jokaisen tuloksen saaneiden osuus
Persentiili vastausten määrän mukaan
Tuloshistoriasi
Et ole pelannut tätä visaa